| 000 | 00440nam a2200169Ia 4500 | ||
|---|---|---|---|
| 008 | 170705s9999 xx 000 0 und d | ||
| 020 | _a9780152019662 | ||
| 245 | 3 | _aAn astronaut / | |
| 245 | _cby Stephanie Maze and Catherine O'Neill Grace. | ||
| 260 | _aOrlando, Florida : | ||
| 260 | _bHarcourt Brace & Companyu, | ||
| 260 | _c1997 | ||
| 300 | _a47 pages : | ||
| 300 | _bcolor illustration ; | ||
| 300 | _c26cm. | ||
| 500 | _a1070 | ||
| 999 |
_c337396 _d337396 |
||